000 00875cam a22003017a 4500
003 CHAP
005 20220329135635.0
008 971013s1949 r 00010 d
010 _a39774
011 _a40746
035 _a44872
040 _cCHAP
082 _a519.92
_bF5 1949
100 0 0 _aFisher, Ronald A.
_941112
245 1 4 _aThe design of experimens
250 _a5 ed.
260 _aLondon :
_bOliver and Boyd,
_c1949
300 _a242 p.
590 _aBATCH-UPD
_b10
_c20130110
_lUCH01
_h0134
590 _aBATCH-UPD
_b10
_c20130110
_lUCH01
_h1603
590 _aBATCH-UPD
_b10
_c20130410
_lUCH01
_h1000
590 _aBATCH-UPD
_b10
_c20130914
_lUCH01
_h1206
590 _aCONVERSION
_b10
_c20130109
_lUCH01
_h1322
650 1 4 _aDiseƱos experimentales.
_932735
901 _aBK
942 _cLIBRO
949 _a519.92 F5 1949
_bBC
_cBPA
_d-102771
_eBPA
_h54572
_i44872
_si
999 _c39774
_d39774